000 00251nam a22001097a 4500
100 _aLefeber,louis
245 _aRegional development
260 _aparis
_bmouton
_c1971
300 _axiii,278pg
_b20cm.
500 _aincluding, bibliography
942 _cBK
999 _c20172
_d20172